Co-moulding with LSR (Record no. 55905)

MARC details
000 -LEADER
fixed length control field 00439nam a2200181Ia 4500
100 ## - MAIN ENTRY--AUTHOR NAME
Personal name Haberstroh Edmund
245 #0 - TITLE STATEMENT
Title Co-moulding with LSR
260 ## - PUBLICATION, DISTRIBUTION, ETC. (IMPRINT)
Name of publisher European Rubber Journal
Year of publication 2002
300 ## - PHYSICAL DESCRIPTION
Number of Pages 16-17
650 ## - SUBJECT ADDED ENTRY--TOPICAL TERM
Topical Term Adhesion
650 ## - SUBJECT ADDED ENTRY--TOPICAL TERM
Topical Term Co-moulding
650 ## - SUBJECT ADDED ENTRY--TOPICAL TERM
Topical Term Injection moulding
650 ## - SUBJECT ADDED ENTRY--TOPICAL TERM
Topical Term Liquid silicone rubber
650 ## - SUBJECT ADDED ENTRY--TOPICAL TERM
Topical Term LSR
700 ## - ADDED ENTRY--PERSONAL NAME
Personal name Christoph
942 ## - ADDED ENTRY ELEMENTS (KOHA)
Koha item type Journals
Holdings
Withdrawn status Lost status Damaged status Not for loan Home library Current library Shelving location Date acquired Serial Enumeration / chronology Koha item type
      Journals RRII Library RRII Library Rubber chemistry 26/08/2002 Volume 184, Issue 2 Journals